000
00286nam a22001337a 4500
008
170527b xxu||||| |||| 00| 0 eng d
020
_a
9780137005109
041
_a
eng
080
_2
7TH
_a
621.3
100
_a
40
101
_a
IM
245
_a
DIGITAL SYSTEMS
_c
TOCCI
942
_2
udc
_c
BK
999
_c
14641
_d
14641